How to know the insects. (Record no. 7352)
[ view plain ]
| 000 -LEADER | |
|---|---|
| fixed length control field | 00924cam a2200289 i 4500 |
| 001 - CONTROL NUMBER | |
| control field | 1305817 |
| 003 - CONTROL NUMBER IDENTIFIER | |
| control field | OSt |
| 005 - DATE AND TIME OF LATEST TRANSACTION | |
| control field | 20211008105709.0 |
| 008 - FIXED-LENGTH DATA ELEMENTS--GENERAL INFORMATION | |
| fixed length control field | 780714s1978 iaua b 001 0 eng |
| 010 ## - LIBRARY OF CONGRESS CONTROL NUMBER | |
| LC control number | 77088344 |
| 020 ## - INTERNATIONAL STANDARD BOOK NUMBER | |
| International Standard Book Number | 0697047539. |
| -- | 0697047520 |
| 040 ## - CATALOGING SOURCE | |
| Original cataloging agency | DLC |
| Transcribing agency | DDC |
| Modifying agency | DLC |
| 050 00 - LIBRARY OF CONGRESS CALL NUMBER | |
| Classification number | QL467 |
| Item number | .J35 1978 |
| 082 00 - DEWEY DECIMAL CLASSIFICATION NUMBER | |
| Classification number | 595.7BLA 1978 |
| 100 1# - MAIN ENTRY--PERSONAL NAME | |
| Personal name | Bland,Roger G., Jaques H.E.; |
| 9 (RLIN) | 15066 |
| 245 10 - TITLE STATEMENT | |
| Title | How to know the insects. |
| Statement of responsibility, etc. | Edited by Bland,Roger G. and Jaques H.E.; |
| 250 ## - EDITION STATEMENT | |
| Edition statement | 3d ed. |
| 260 ## - PUBLICATION, DISTRIBUTION, ETC. (IMPRINT) | |
| Place of publication, distribution, etc. | Dubuque,Iowa |
| Name of publisher, distributor, etc. | W. C. Brown Co., |
| Date of publication, distribution, etc. | c1978. |
| 300 ## - PHYSICAL DESCRIPTION | |
| Extent | xi,409p; |
| Other physical details | ill; |
| Dimensions | 24cm. |
| 490 0# - SERIES STATEMENT | |
| Series statement | The Pictured key nature series |
| 504 ## - BIBLIOGRAPHY, ETC. NOTE | |
| Bibliography, etc | Includes; references and index. |
| 650 #0 - SUBJECT ADDED ENTRY--TOPICAL TERM | |
| Topical term or geographic name as entry element | Insects |
| General subdivision | Identification. |
| 9 (RLIN) | 15067 |
| 650 #0 - SUBJECT ADDED ENTRY--TOPICAL TERM | |
| Topical term or geographic name as entry element | Biology |
| 9 (RLIN) | 5602 |
| 700 1# - ADDED ENTRY--PERSONAL NAME | |
| Personal name | Jaques, H. E. |
| Fuller form of name | (Harry Edwin), |
| Dates associated with a name | 1880-1963, |
| Relator term | joint author. |
| 9 (RLIN) | 15068 |
| 906 ## - LOCAL DATA ELEMENT F, LDF (RLIN) | |
| a | 7 |
| b | cbc |
| c | orignew |
| d | 2 |
| e | opcn |
| f | 19 |
| g | y-gencatlg |
| 942 ## - ADDED ENTRY ELEMENTS (KOHA) | |
| Source of classification or shelving scheme | Dewey Decimal Classification |
| Koha item type | Open Shelf |
| Withdrawn status | Lost status | Source of classification or shelving scheme | Damaged status | Not for loan | Home library | Current library | Date acquired | Source of acquisition | Inventory number | Total Checkouts | Full call number | Barcode | Date last seen | Price effective from | Koha item type |
|---|---|---|---|---|---|---|---|---|---|---|---|---|---|---|---|
| Dewey Decimal Classification | MUST Main Library | MUST Main Library | 08/10/2021 | Purchase | 12/36968 | 595.7BLA 1978 | 2021-1453 | 08/10/2021 | 08/10/2021 | Open Shelf | |||||
| Other/Generic Classification Scheme | MUST Main Library | MUST Main Library | 25/06/2024 | Purchase | 12/36967 | 595.7BLA 1978 | 2024-21206 | 25/06/2024 | 25/06/2024 | Open Shelf |
